A BRIEF HISTORY OF TIME (Record no. 5316)
[ view plain ]
| 000 -LEADER | |
|---|---|
| fixed length control field | 00263nam a22001217a 4500 |
| 020 ## - INTERNATIONAL STANDARD BOOK NUMBER | |
| ISBN | 978-0-553-17698 |
| 082 ## - DEWEY DECIMAL CLASSIFICATION NUMBER | |
| Classification number | 001 |
| Item number | HAW/B |
| 100 ## - MAIN ENTRY--AUTHOR NAME | |
| Personal name | HAWKING,STEPHEN |
| 245 ## - TITLE STATEMENT | |
| Title | A BRIEF HISTORY OF TIME |
| 300 ## - PHYSICAL DESCRIPTION | |
| Number of Pages | 139 |
| 650 ## - SUBJECT ADDED ENTRY--TOPICAL TERM | |
| Topical Term | PERSONALITY DEVELOPMENT |
| 942 ## - ADDED ENTRY ELEMENTS (KOHA) | |
| Koha item type | Books |
| Withdrawn status | Lost status | Collection code | Home library | Current library | Shelving location | Date acquired | Source of acquisition | Full call number | Accession Number | Koha item type |
|---|---|---|---|---|---|---|---|---|---|---|
| Reference | Main Library | Main Library | SHELF-17H-PERSONALITY DEVELOPMENT BOOKS | 03/06/2017 | PURCHASE | 001 HAW/B | 04538 | Books |